मरियम / (Record no. 116071)

MARC details
000 -LEADER
fixed length control field 00986nam a22002657a 4500
005 - DATE AND TIME OF LATEST TRANSACTION
control field 20170124103033.0
010 ## - LIBRARY OF CONGRESS CONTROL NUMBER
LC control number A-002587
020 ## - INTERNATIONAL STANDARD BOOK NUMBER
Terms of availability 12.50.00
035 ## - SYSTEM CONTROL NUMBER
System control number A-002587
037 ## - SOURCE OF ACQUISITION
Source of stock number/acquisition Cen Lib/Ret
040 ## - CATALOGING SOURCE
Original cataloging agency DPL
Language of cataloging HN
082 ## - DEWEY DECIMAL CLASSIFICATION NUMBER
Classification number
Item number माईती
100 ## - MAIN ENTRY--PERSONAL NAME
Personal name माईती, चितरंजन
9 (RLIN) 64652
245 ## - TITLE STATEMENT
Title मरियम /
Statement of responsibility, etc चितरंजन माईती
246 ## - VARYING FORM OF TITLE
Title proper/short title Mariyam
Remainder of title by Chitranjan Mayiti
260 ## - PUBLICATION, DISTRIBUTION, ETC. (IMPRINT)
Place of publication, distribution, etc इलाहाबाद
Name of publisher, distributor, etc साहित्य भवन
Date of publication, distribution, etc 1980
270 ## - ADDRESS
Address के.पी. कक्कर रोड
City इलाहाबाद
300 ## - PHYSICAL DESCRIPTION
Extent 111पृष्ठ.
Dimensions 20सेमी(सजिल्द)
490 ## - SERIES STATEMENT
Series statement
650 ## - SUBJECT ADDED ENTRY--TOPICAL TERM
Topical term or geographic name as entry element हिंदी साहित्य
9 (RLIN) 64653
650 ## - SUBJECT ADDED ENTRY--TOPICAL TERM
Topical term or geographic name as entry element हिंदी कहानी- वेदनापूर्ण
9 (RLIN) 47879
650 ## - SUBJECT ADDED ENTRY--TOPICAL TERM
Topical term or geographic name as entry element Hindi literature
9 (RLIN) 64654
650 ## - SUBJECT ADDED ENTRY--TOPICAL TERM
Topical term or geographic name as entry element Hindi story - Anguished
9 (RLIN) 64655
942 ## - ADDED ENTRY ELEMENTS (KOHA)
Source of classification or shelving scheme Dewey Decimal Classification
Koha item type Hindi Books
Classification part
Call number suffix माईती
Holdings
Withdrawn status Lost status Damaged status Not for loan Home library Current library Date acquired Source of acquisition Cost, normal purchase price Total Checkouts Full call number Barcode Date last seen Copy number Cost, replacement price Price effective from Koha item type Source of classification or shelving scheme
        Central Library Central Library 22/08/2015 Cen Lib/Ret 12.50   उ माईती A-002587 22/08/2015 1 12.50 22/08/2015 Hindi Books  
        Central Library Central Library 29/10/2016 Cen Lib/Ret 12.50   क माईती A-002588 29/10/2016 2   29/10/2016 Hindi Books Dewey Decimal Classification

© Delhi Public Library
Hit Counter
free hit counter